[Event "EYTCC-G"]
[Site "?"]
[Date "2017.08.17"]
[Round "1.10"]
[White "Kanakova, Natalie"]
[Black "Ozbay, Ece"]
[Result "1/2-1/2"]
[BlackElo "1966"]
[WhiteElo "2176"]
[LiveChessVersion "1.4.6"]

1. e4 {[%clk 1:30:56]} c5 {[%clk 1:30:48]} 2. Nf3 {[%clk 1:31:21]} e6
{[%clk 1:31:07]} 3. d4 {[%clk 1:31:44]} cxd4 {[%clk 1:31:28]} 4. Nxd4
{[%clk 1:32:09]} Nc6 {[%clk 1:31:53]} 5. Nc3 {[%clk 1:32:29]} Qc7
{[%clk 1:31:29]} 6. Be3 {[%clk 1:32:33]} a6 {[%clk 1:31:40]} 7. Be2
{[%clk 1:32:35]} Nf6 {[%clk 1:31:45]} 8. a3 {[%clk 1:32:52]} Be7 {[%clk 1:31:44]}
9. f4 {[%clk 1:32:53]} d6 {[%clk 1:31:59]} 10. g4 {[%clk 1:32:52]} d5
{[%clk 1:25:48]} 11. exd5 {[%clk 1:27:00]} Nxd5 {[%clk 1:25:57]} 12. Nxd5
{[%clk 1:27:19]} Bh4+ {[%clk 1:20:15]} 13. Bf2 {[%clk 1:27:43]} Bxf2+
{[%clk 1:20:39]} 14. Kxf2 {[%clk 1:28:10]} exd5 {[%clk 1:21:00]} 15. Qd2
{[%clk 1:21:32]} O-O {[%clk 1:02:03]} 16. c3 {[%clk 1:20:07]} Re8
{[%clk 0:51:36]} 17. Bf3 {[%clk 1:16:33]} Qb6 {[%clk 0:45:39]} 18. Rhe1
{[%clk 1:11:12]} Bd7 {[%clk 0:42:14]} 19. b4 {[%clk 0:57:02]} Rad8
{[%clk 0:23:49]} 20. Kg3 {[%clk 0:48:26]} Nxd4 {[%clk 0:20:06]} 21. Qxd4
{[%clk 0:47:29]} Qxd4 {[%clk 0:13:34]} 22. cxd4 {[%clk 0:47:52]} Bc6
{[%clk 0:12:18]} 23. g5 {[%clk 0:40:27]} Kf8 {[%clk 0:07:44]} 24. Re5
{[%clk 0:37:24]} Rxe5 {[%clk 0:02:31]} 25. fxe5 {[%clk 0:37:41]} Bb5
{[%clk 0:01:09]} 26. Rc1 {[%clk 0:32:14]} Bc4 {[%clk 0:01:11]} 27. Bg4
{[%clk 0:32:09]} Re8 {[%clk 0:00:43]} 28. Kf4 {[%clk 0:31:22]} Re7
{[%clk 0:00:41]} 29. Rc3 {[%clk 0:30:46]} g6 {[%clk 0:00:38]} 30. Re3
{[%clk 0:26:37]} Kg7 {[%clk 0:00:33]} 31. e6 {[%clk 0:23:00]} f6 {[%clk 0:00:46]}
32. gxf6+ {[%clk 0:11:13]} Kxf6 {[%clk 0:01:14]} 33. h4 {[%clk 0:10:37]} h6
{[%clk 0:00:40]} 34. Re5 {[%clk 0:10:56]} b5 {[%clk 0:00:40]} 35. Bf3
{[%clk 0:03:58]} Rxe6 {[%clk 0:00:54]} 36. Bxd5 {[%clk 0:04:17]} Rd6
{[%clk 0:01:03]} 37. Ke4 {[%clk 0:01:50]} Bxd5+ {[%clk 0:00:40]} 38. Rxd5
{[%clk 0:02:19]} Rxd5 {[%clk 0:01:09]} 39. Kxd5 {[%clk 0:02:43]} Ke7
{[%clk 0:00:33]} 40. Ke5 {[%clk 0:30:40]} g5 {[%clk 0:30:37]} 41. h5
{[%clk 0:26:57]} Kd7 {[%clk 0:23:44]} 42. Kd5 {[%clk 0:26:51]} Kd8
{[%clk 0:10:53]} 43. Ke5 {[%clk 0:25:17]} Ke7 {[%clk 0:11:09]} 44. Kd5
{[%clk 0:24:43]} Kd7 {[%clk 0:07:40]} 45. Ke5 {[%clk 0:24:51]} Kc7
{[%clk 0:08:02]} 46. Kd5 {[%clk 0:24:51]} Kc8 {[%clk 0:06:41]} 47. Ke5
{[%clk 0:24:50]} Kd8 {[%clk 0:07:04]} 48. Kd5 {[%clk 0:24:54]} Kd7
{[%clk 0:07:26]} 49. Ke5 {[%clk 0:25:00]} Ke7 {[%clk 0:05:58]} 50. Ke4 1/2-1/2

[Event "EYTCC-G"]
[Site "?"]
[Date "2017.08.17"]
[Round "1.11"]
[White "Unuk, Laura"]
[Black "Vrtiakova, Anna"]
[Result "1-0"]
[BlackElo "1971"]
[WhiteElo "2343"]
[LiveChessVersion "1.4.6"]

1. c4 {[%clk 1:30:39]} e6 {[%clk 1:30:47]} 2. Nc3 {[%clk 1:30:54]} d5
{[%clk 1:30:34]} 3. d4 {[%clk 1:31:12]} Nf6 {[%clk 1:30:26]} 4. cxd5
{[%clk 1:31:29]} exd5 {[%clk 1:30:19]} 5. Bg5 {[%clk 1:31:44]} Be7
{[%clk 1:26:26]} 6. e3 {[%clk 1:31:56]} c6 {[%clk 1:24:47]} 7. Bd3
{[%clk 1:32:15]} O-O {[%clk 1:23:55]} 8. h3 {[%clk 1:31:16]} a5 {[%clk 1:20:47]}
9. Qc2 {[%clk 1:28:53]} h6 {[%clk 1:17:58]} 10. Bf4 {[%clk 1:29:17]} Na6
{[%clk 1:15:51]} 11. a3 {[%clk 1:29:26]} Nc7 {[%clk 1:08:36]} 12. Nf3
{[%clk 1:25:42]} Ne6 {[%clk 1:06:16]} 13. Bh2 {[%clk 1:22:18]} Bd7
{[%clk 0:54:34]} 14. O-O {[%clk 1:22:08]} c5 {[%clk 0:50:57]} 15. dxc5
{[%clk 1:17:53]} Nxc5 {[%clk 0:47:32]} 16. Rfd1 {[%clk 1:14:32]} Be6
{[%clk 0:41:03]} 17. Bf5 {[%clk 0:56:09]} Qb6 {[%clk 0:35:25]} 18. Nd4
{[%clk 0:50:47]} Rac8 {[%clk 0:32:23]} 19. Qe2 {[%clk 0:42:03]} Nb3
{[%clk 0:20:30]} 20. Bxe6 {[%clk 0:36:25]} fxe6 {[%clk 0:16:38]} 21. Na4
{[%clk 0:33:55]} Nxd4 {[%clk 0:16:42]} 22. exd4 {[%clk 0:34:20]} Qc6
{[%clk 0:16:26]} 23. Nc3 {[%clk 0:34:43]} Rce8 {[%clk 0:15:31]} 24. Rac1
{[%clk 0:31:25]} Bd6 {[%clk 0:08:44]} 25. Be5 {[%clk 0:20:07]} Bxe5
{[%clk 0:06:19]} 26. dxe5 {[%clk 0:19:50]} Nh7 {[%clk 0:02:36]} 27. Nxd5
{[%clk 0:20:08]} Qa4 {[%clk 0:02:03]} 28. Nb6 {[%clk 0:19:37]} Qf4
{[%clk 0:01:39]} 29. Rc4 {[%clk 0:18:51]} Qf5 {[%clk 0:01:28]} 30. Rc7
{[%clk 0:16:57]} Ng5 {[%clk 0:01:05]} 31. Rdd7 {[%clk 0:16:23]} Rf7
{[%clk 0:01:11]} 32. Nc4 {[%clk 0:15:29]} Rxd7 {[%clk 0:01:09]} 33. Rxd7
{[%clk 0:15:54]} Rf8 {[%clk 0:01:15]} 34. Nd6 {[%clk 0:15:31]} Qf4
{[%clk 0:01:20]} 35. Rxb7 {[%clk 0:12:17]} Qc1+ {[%clk 0:01:12]} 36. Qf1
{[%clk 0:12:35]} Qf4 {[%clk 0:01:04]} 37. Qe1 {[%clk 0:12:00]} Qd4
{[%clk 0:00:52]} 38. Qe3 {[%clk 0:10:51]} Qd1+ {[%clk 0:00:42]} 39. Kh2
{[%clk 0:11:16]} a4 {[%clk 0:00:35]} 40. f4 {[%clk 0:35:11]} Nxh3
{[%clk 0:30:34]} 41. Qxh3 {[%clk 0:33:34]} Rxf4 {[%clk 0:27:42]} 42. Ne4
{[%clk 0:23:01]} Rf5 {[%clk 0:25:00]} 43. Ng3 {[%clk 0:19:31]} Rxe5
{[%clk 0:23:44]} 44. Qh4 {[%clk 0:18:48]} Re1 {[%clk 0:21:47]} 45. Qc4
{[%clk 0:12:52]} Kh7 {[%clk 0:09:51]} 46. Qc3 {[%clk 0:11:09]} e5
{[%clk 0:10:09]} 47. Qf3 {[%clk 0:09:04]} Qd8 {[%clk 0:06:32]} 48. Qg4
{[%clk 0:08:29]} 1-0

[Event "EYTCC-G"]
[Site "?"]
[Date "2017.08.17"]
[Round "1.12"]
[White "Ganzova, Veronika"]
[Black "Hrescak, Ivana"]
[Result "0-1"]
[BlackElo "2022"]
[WhiteElo "1608"]
[LiveChessVersion "1.4.6"]

1. e4 {[%clk 1:30:48]} c5 {[%clk 1:30:50]} 2. Nf3 {[%clk 1:31:04]} d6
{[%clk 1:31:12]} 3. d4 {[%clk 1:31:18]} cxd4 {[%clk 1:31:34]} 4. Nxd4
{[%clk 1:31:25]} Nf6 {[%clk 1:31:51]} 5. Nc3 {[%clk 1:31:20]} a6 {[%clk 1:29:14]}
6. Be2 {[%clk 1:30:04]} e5 {[%clk 1:28:51]} 7. Nf3 {[%clk 1:29:46]} Be7
{[%clk 1:27:53]} 8. Bg5 {[%clk 1:28:47]} Nbd7 {[%clk 1:25:25]} 9. a4
{[%clk 1:18:35]} h6 {[%clk 1:23:34]} 10. Bh4 {[%clk 1:09:54]} g5 {[%clk 1:09:05]}
11. Bg3 {[%clk 1:06:59]} Nc5 {[%clk 1:06:49]} 12. Nd2 {[%clk 1:03:30]} h5
{[%clk 1:01:03]} 13. h4 {[%clk 0:41:38]} g4 {[%clk 0:59:42]} 14. b4
{[%clk 0:27:19]} Ne6 {[%clk 0:58:03]} 15. Nd5 {[%clk 0:24:03]} Nxd5
{[%clk 0:53:40]} 16. exd5 {[%clk 0:24:08]} Ng7 {[%clk 0:51:45]} 17. Bd3
{[%clk 0:13:31]} f5 {[%clk 0:45:48]} 18. f3 {[%clk 0:09:48]} O-O {[%clk 0:32:54]}
19. Bf2 {[%clk 0:07:08]} Bf6 {[%clk 0:30:28]} 20. Rb1 {[%clk 0:06:03]} Re8
{[%clk 0:26:21]} 21. Kf1 {[%clk 0:05:24]} b6 {[%clk 0:22:55]} 22. c4
{[%clk 0:04:16]} Rb8 {[%clk 0:19:43]} 23. Qc2 {[%clk 0:03:56]} Rb7
{[%clk 0:17:40]} 24. fxg4 {[%clk 0:03:40]} e4 {[%clk 0:13:18]} 0-1

[Event "EYTCC-G"]
[Site "?"]
[Date "2017.08.17"]
[Round "1.13"]
[White "Olechnicka, Karolina"]
[Black "Martynkova, Olena"]
[Result "0-1"]
[BlackElo "2179"]
[WhiteElo "1938"]
[LiveChessVersion "1.4.6"]

1. e4 {[%clk 1:30:58]} c5 {[%clk 1:30:45]} 2. Nf3 {[%clk 1:31:23]} e6
{[%clk 1:31:00]} 3. d4 {[%clk 1:31:48]} cxd4 {[%clk 1:31:13]} 4. Nxd4
{[%clk 1:32:09]} Nc6 {[%clk 1:31:31]} 5. Nc3 {[%clk 1:32:27]} Qc7
{[%clk 1:31:30]} 6. Be2 {[%clk 1:32:42]} a6 {[%clk 1:31:30]} 7. O-O
{[%clk 1:32:35]} Nf6 {[%clk 1:31:26]} 8. Be3 {[%clk 1:31:07]} Be7
{[%clk 1:29:56]} 9. f4 {[%clk 1:26:28]} d6 {[%clk 1:29:23]} 10. Kh1
{[%clk 1:25:49]} O-O {[%clk 1:28:32]} 11. Qe1 {[%clk 1:25:11]} Nxd4
{[%clk 1:21:55]} 12. Bxd4 {[%clk 1:25:05]} b5 {[%clk 1:21:45]} 13. a3
{[%clk 1:21:57]} Nd7 {[%clk 1:15:00]} 14. Bd3 {[%clk 1:07:46]} Bb7
{[%clk 1:13:07]} 15. Qg3 {[%clk 1:03:46]} e5 {[%clk 1:08:26]} 16. Be3
{[%clk 0:47:03]} exf4 {[%clk 0:58:36]} 17. Bxf4 {[%clk 0:44:50]} Ne5
{[%clk 0:58:31]} 18. Nd5 {[%clk 0:37:42]} Bxd5 {[%clk 0:56:57]} 19. exd5
{[%clk 0:38:04]} g6 {[%clk 0:52:50]} 20. Rae1 {[%clk 0:25:12]} Bf6
{[%clk 0:49:39]} 21. Bh6 {[%clk 0:19:05]} Bg7 {[%clk 0:49:32]} 22. Bxg7
{[%clk 0:19:03]} Kxg7 {[%clk 0:49:54]} 23. Re4 {[%clk 0:19:05]} Rae8
{[%clk 0:44:14]} 24. Rh4 {[%clk 0:13:18]} Qe7 {[%clk 0:40:27]} 25. Qh3
{[%clk 0:08:15]} h5 {[%clk 0:39:18]} 26. Re4 {[%clk 0:06:35]} f5 {[%clk 0:31:18]}
27. Ref4 {[%clk 0:05:13]} Qg5 {[%clk 0:29:04]} 28. Qe3 {[%clk 0:04:19]} Ng4
{[%clk 0:24:41]} 29. Qd4+ {[%clk 0:02:02]} Re5 {[%clk 0:23:39]} 30. R4f3
{[%clk 0:01:04]} Qe7 {[%clk 0:14:28]} 31. a4 {[%clk 0:00:39]} Qb7
{[%clk 0:12:58]} 32. axb5 {[%clk 0:00:41]} axb5 {[%clk 0:13:26]} 33. h3
{[%clk 0:00:41]} Nf6 {[%clk 0:13:06]} 34. Rg3 {[%clk 0:00:37]} Qxd5
{[%clk 0:11:33]} 35. Qf4 {[%clk 0:00:38]} Kh7 {[%clk 0:06:43]} 36. Qg5
{[%clk 0:01:06]} Qf7 {[%clk 0:06:05]} 37. c3 {[%clk 0:00:35]} Nd5
{[%clk 0:04:11]} 38. Qd2 {[%clk 0:00:40]} Nc7 {[%clk 0:03:22]} 39. Bc2
{[%clk 0:00:45]} Qe7 {[%clk 0:03:26]} 40. Bd1 {[%clk 0:30:41]} Ne6
{[%clk 0:33:45]} 41. Qd3 {[%clk 0:26:11]} Nc5 {[%clk 0:32:33]} 42. Qd4
{[%clk 0:25:02]} Ne4 {[%clk 0:31:02]} 43. Rd3 {[%clk 0:23:24]} h4
{[%clk 0:27:34]} 44. Kh2 {[%clk 0:21:05]} d5 {[%clk 0:24:06]} 45. Bf3
{[%clk 0:19:17]} Ng3 {[%clk 0:18:15]} 46. Ra1 {[%clk 0:18:06]} Kh6
{[%clk 0:18:34]} 47. Rdd1 {[%clk 0:16:03]} f4 {[%clk 0:14:03]} 48. Ra7
{[%clk 0:08:08]} Qf6 {[%clk 0:12:53]} 49. Rd7 {[%clk 0:06:49]} Re3
{[%clk 0:05:19]} 50. Qa7 {[%clk 0:06:24]} Rfe8 {[%clk 0:03:53]} 51. Rh7+
{[%clk 0:04:26]} Kg5 {[%clk 0:04:21]} 52. Qd7 {[%clk 0:04:05]} Nf5
{[%clk 0:02:07]} 53. Qxd5 {[%clk 0:03:24]} Qe5 {[%clk 0:01:40]} 54. Qd2
{[%clk 0:00:57]} Rxf3 {[%clk 0:00:43]} 55. gxf3 {[%clk 0:00:38]} Qe2+
{[%clk 0:00:57]} 56. Kg1 {[%clk 0:00:33]} Qxf3 {[%clk 0:00:55]} 57. Rf1
{[%clk 0:00:34]} Qg3+ {[%clk 0:00:50]} 58. Kh1 {[%clk 0:00:34]} Qxh3+
{[%clk 0:00:57]} 59. Kg1 {[%clk 0:00:56]} Qg4+ {[%clk 0:01:02]} 60. Qg2 Qxg2+
{[%clk 0:01:18]} 61. Kxg2 {[%clk 0:01:12]} Ne3+ {[%clk 0:00:54]} 62. Kf2
{[%clk 0:01:21]} Nxf1 {[%clk 0:01:12]} 63. Kxf1 {[%clk 0:01:45]} Kg4
{[%clk 0:01:09]} 0-1

[Event "EYTCC-G"]
[Site "?"]
[Date "2017.08.17"]
[Round "1.14"]
[White "Krasnokutskaya, Sofiya"]
[Black "Moscicka, Pola"]
[Result "1-0"]
[BlackElo "1869"]
[WhiteElo "2182"]
[LiveChessVersion "1.4.6"]

1. e4 {[%clk 1:30:54]} c5 {[%clk 1:30:38]} 2. Nf3 {[%clk 1:31:11]} Nc6
{[%clk 1:30:59]} 3. d4 {[%clk 1:31:32]} cxd4 {[%clk 1:31:24]} 4. Nxd4
{[%clk 1:31:59]} Nf6 {[%clk 1:31:40]} 5. Nc3 {[%clk 1:32:24]} e5 {[%clk 1:31:57]}
6. Ndb5 {[%clk 1:32:37]} d6 {[%clk 1:32:16]} 7. Bg5 {[%clk 1:32:53]} a6
{[%clk 1:32:37]} 8. Na3 {[%clk 1:32:33]} b5 {[%clk 1:32:54]} 9. Nd5
{[%clk 1:32:54]} Be7 {[%clk 1:33:12]} 10. Bxf6 {[%clk 1:33:17]} Bxf6
{[%clk 1:33:37]} 11. c4 {[%clk 1:33:32]} b4 {[%clk 1:33:55]} 12. Nc2
{[%clk 1:33:57]} a5 {[%clk 1:34:06]} 13. Qf3 {[%clk 1:33:46]} Bg5
{[%clk 1:27:59]} 14. h4 {[%clk 1:33:46]} Be7 {[%clk 1:25:18]} 15. g3
{[%clk 1:32:07]} O-O {[%clk 1:24:02]} 16. Bh3 {[%clk 1:30:30]} Be6
{[%clk 1:20:51]} 17. Rd1 {[%clk 1:20:27]} Kh8 {[%clk 1:13:21]} 18. Kf1
{[%clk 1:17:32]} Rb8 {[%clk 1:07:48]} 19. Kg2 {[%clk 1:09:57]} Qd7
{[%clk 1:03:21]} 20. b3 {[%clk 0:59:08]} f5 {[%clk 0:54:00]} 21. exf5
{[%clk 0:54:34]} Bxf5 {[%clk 0:52:11]} 22. Bxf5 {[%clk 0:54:53]} Rxf5
{[%clk 0:52:10]} 23. Qe4 {[%clk 0:51:32]} Rbf8 {[%clk 0:51:06]} 24. Rhf1
{[%clk 0:51:37]} Bd8 {[%clk 0:46:19]} 25. f3 {[%clk 0:34:02]} g5 {[%clk 0:40:59]}
26. Nde3 {[%clk 0:23:03]} R5f7 {[%clk 0:31:14]} 27. c5 {[%clk 0:20:13]} Be7
{[%clk 0:26:28]} 28. hxg5 {[%clk 0:19:06]} Nd8 {[%clk 0:21:38]} 29. cxd6
{[%clk 0:15:10]} Bxg5 {[%clk 0:21:29]} 30. Qxe5+ {[%clk 0:15:24]} Rg7
{[%clk 0:20:49]} 31. Qxa5 {[%clk 0:13:43]} Ne6 {[%clk 0:15:09]} 32. Ng4
{[%clk 0:11:38]} Bd8 {[%clk 0:09:43]} 33. Qe5 {[%clk 0:10:46]} Kg8
{[%clk 0:09:11]} 34. Nd4 {[%clk 0:07:23]} Nxd4 {[%clk 0:07:22]} 35. Qxd4
{[%clk 0:07:23]} h5 {[%clk 0:04:19]} 36. Qd5+ {[%clk 0:07:08]} Kh8
{[%clk 0:04:21]} 37. Qxh5+ {[%clk 0:07:30]} Rh7 {[%clk 0:04:32]} 38. Qe5+
{[%clk 0:07:49]} Kg8 {[%clk 0:04:39]} 39. Qd5+ {[%clk 0:07:49]} Kh8
{[%clk 0:04:37]} 40. Rh1 {[%clk 0:37:49]} Rff7 {[%clk 0:34:24]} 41. Ne5
{[%clk 0:37:44]} 1-0

[Event "EYTCC-G"]
[Site "?"]
[Date "2017.08.17"]
[Round "1.15"]
[White "Narva, Mai"]
[Black "Adamczyk, Zuzanna"]
[Result "1-0"]
[BlackElo "1753"]
[WhiteElo "2210"]
[LiveChessVersion "1.4.6"]

1. e4 {[%clk 1:30:55]} c5 {[%clk 1:30:43]} 2. Nf3 {[%clk 1:31:13]} e6
{[%clk 1:30:47]} 3. d4 {[%clk 1:31:29]} cxd4 {[%clk 1:30:57]} 4. Nxd4
{[%clk 1:31:45]} Nf6 {[%clk 1:30:55]} 5. Nc3 {[%clk 1:31:58]} Nc6
{[%clk 1:30:53]} 6. a3 {[%clk 1:32:10]} Qc7 {[%clk 1:29:47]} 7. Be2
{[%clk 1:32:07]} a6 {[%clk 1:27:41]} 8. O-O {[%clk 1:31:05]} Be7 {[%clk 1:26:01]}
9. Be3 {[%clk 1:30:48]} O-O {[%clk 1:25:07]} 10. f4 {[%clk 1:30:27]} d6
{[%clk 1:23:06]} 11. Kh1 {[%clk 1:29:39]} Bd7 {[%clk 1:18:59]} 12. Qe1
{[%clk 1:28:37]} Nxd4 {[%clk 1:15:09]} 13. Bxd4 {[%clk 1:28:52]} e5
{[%clk 1:14:22]} 14. fxe5 {[%clk 1:25:00]} dxe5 {[%clk 1:08:39]} 15. Qg3
{[%clk 1:24:23]} Qd8 {[%clk 0:52:50]} 16. Bxe5 {[%clk 1:23:53]} Ne8
{[%clk 0:52:26]} 17. Nd5 {[%clk 1:22:31]} f6 {[%clk 0:48:17]} 18. Bf4
{[%clk 1:15:54]} Kh8 {[%clk 0:46:08]} 19. Rad1 {[%clk 1:13:32]} g5
{[%clk 0:37:52]} 20. Nxe7 {[%clk 1:00:54]} Qxe7 {[%clk 0:26:05]} 21. Be3
{[%clk 0:59:53]} h6 {[%clk 0:23:25]} 22. h4 {[%clk 0:52:52]} Ng7 {[%clk 0:20:41]}
23. hxg5 {[%clk 0:41:45]} fxg5 {[%clk 0:19:39]} 24. Rxf8+ {[%clk 0:39:01]} Rxf8
{[%clk 0:19:30]} 25. Qd6 {[%clk 0:38:42]} Qxd6 {[%clk 0:18:04]} 26. Rxd6
{[%clk 0:39:04]} Be6 {[%clk 0:16:11]} 27. Bd4 {[%clk 0:39:03]} Bf7
{[%clk 0:14:08]} 28. Rxh6+ {[%clk 0:38:04]} Kg8 {[%clk 0:14:27]} 29. Bg4
{[%clk 0:37:34]} Re8 {[%clk 0:13:52]} 30. Bf5 {[%clk 0:37:17]} Rd8
{[%clk 0:12:34]} 31. Bf6 {[%clk 0:36:07]} Rd2 {[%clk 0:11:15]} 32. Rh7
{[%clk 0:36:02]} 1-0

[Event "EYTCC-G"]
[Site "?"]
[Date "2017.08.17"]
[Round "1.16"]
[White "Buchta, Agnieszka"]
[Black "Olde, Margareth"]
[Result "0-1"]
[BlackElo "2122"]
[WhiteElo "1720"]
[LiveChessVersion "1.4.6"]

1. e4 {[%clk 1:30:58]} c5 {[%clk 1:30:49]} 2. Nc3 {[%clk 1:31:20]} Nc6
{[%clk 1:30:42]} 3. Bb5 {[%clk 1:31:42]} g6 {[%clk 1:28:41]} 4. Bxc6
{[%clk 1:31:59]} bxc6 {[%clk 1:28:54]} 5. d3 {[%clk 1:32:19]} Bg7 6. f4
{[%clk 1:32:01]} d6 {[%clk 1:24:33]} 7. Nf3 {[%clk 1:31:32]} Nh6 {[%clk 1:17:19]}
8. O-O {[%clk 1:16:13]} O-O {[%clk 0:59:17]} 9. Qe1 {[%clk 1:12:05]} Rb8
{[%clk 0:40:46]} 10. b3 {[%clk 1:10:22]} Ba6 {[%clk 0:37:32]} 11. Bd2 f6 12. f5
{[%clk 0:48:59]} gxf5 {[%clk 0:24:04]} 13. exf5 {[%clk 0:48:37]} Bc8
{[%clk 0:24:06]} 14. Nh4 {[%clk 0:44:53]} Qe8 {[%clk 0:22:06]} 15. Qg3
{[%clk 0:37:42]} Qh5 {[%clk 0:20:13]} 16. Rae1 {[%clk 0:33:08]} Rb7
{[%clk 0:18:54]} 17. Qf2 {[%clk 0:19:51]} Kf7 {[%clk 0:15:13]} 18. h3
{[%clk 0:18:46]} Kg8 {[%clk 0:12:59]} 19. Ne2 {[%clk 0:18:24]} Qe8
{[%clk 0:10:48]} 20. Qg3 {[%clk 0:17:27]} Kh8 {[%clk 0:10:48]} 21. Qf3
{[%clk 0:13:27]} Rg8 {[%clk 0:07:48]} 22. Kh1 {[%clk 0:12:19]} Bf8
{[%clk 0:06:42]} 23. Qe4 {[%clk 0:08:27]} Nf7 {[%clk 0:05:18]} 24. Nf4
{[%clk 0:07:16]} Ne5 {[%clk 0:05:41]} 25. Ne2 {[%clk 0:05:04]} Qh5
{[%clk 0:04:59]} 26. Qf4 {[%clk 0:05:01]} Qf7 {[%clk 0:03:17]} 27. Nf3
{[%clk 0:04:25]} Qg7 {[%clk 0:03:02]} 28. Nh4 {[%clk 0:02:47]} Qf7
{[%clk 0:02:25]} 29. Nf3 {[%clk 0:03:14]} Qe8 {[%clk 0:02:06]} 30. Nxe5
{[%clk 0:02:27]} fxe5 {[%clk 0:02:04]} 31. Qf3 {[%clk 0:02:16]} Bg7
{[%clk 0:02:22]} 32. Ng3 {[%clk 0:02:06]} Bf6 {[%clk 0:01:51]} 33. Ne4
{[%clk 0:01:22]} Bd7 {[%clk 0:01:37]} 34. Nxf6 {[%clk 0:01:12]} exf6
{[%clk 0:02:02]} 35. Kh2 {[%clk 0:00:51]} Qe7 {[%clk 0:01:23]} 36. Qh5
{[%clk 0:00:47]} Be8 {[%clk 0:01:23]} 37. Qh6 {[%clk 0:00:52]} Qd8
{[%clk 0:00:58]} 38. Qh4 {[%clk 0:00:43]} Rbg7 {[%clk 0:00:44]} 39. Rf2
{[%clk 0:00:54]} Bd7 40. Bh6 {[%clk 0:31:05]} Rf7 {[%clk 0:31:05]} 41. Bd2
{[%clk 0:30:48]} d5 {[%clk 0:22:14]} 42. Qh5 {[%clk 0:25:26]} Be8
{[%clk 0:21:04]} 43. Qf3 {[%clk 0:24:19]} Qd6 {[%clk 0:20:35]} 44. Kh1
{[%clk 0:23:44]} Rfg7 {[%clk 0:19:41]} 45. Qe2 {[%clk 0:19:26]} Rg3
{[%clk 0:16:45]} 46. Be3 {[%clk 0:18:12]} d4 {[%clk 0:16:21]} 47. Bc1
{[%clk 0:16:20]} Bf7 {[%clk 0:13:11]} 48. Kh2 {[%clk 0:14:45]} Qf8
{[%clk 0:12:08]} 49. Qd2 {[%clk 0:13:30]} Bd5 {[%clk 0:10:48]} 50. Rg1
{[%clk 0:13:24]} Qg7 {[%clk 0:10:29]} 51. Ba3 {[%clk 0:11:00]} Rxh3+
{[%clk 0:10:28]} 52. Kxh3 {[%clk 0:09:26]} Qg3# {[%clk 0:10:51]} 0-1

[Event "EYTCC-G"]
[Site "?"]
[Date "2017.08.17"]
[Round "1.17"]
[White "Kozubal, Aleksandra"]
[Black "Arda, Cagil Irmak"]
[Result "0-1"]
[BlackElo "2124"]
[WhiteElo "1733"]
[LiveChessVersion "1.4.6"]

1. d4 {[%clk 1:30:58]} Nf6 {[%clk 1:30:21]} 2. c4 {[%clk 1:30:51]} e6
{[%clk 1:30:44]} 3. Nf3 {[%clk 1:30:20]} b6 {[%clk 1:31:04]} 4. a3
{[%clk 1:30:08]} Bb7 {[%clk 1:31:15]} 5. Nc3 {[%clk 1:30:26]} Ne4
{[%clk 1:28:35]} 6. e3 {[%clk 1:22:22]} Nxc3 {[%clk 1:25:20]} 7. bxc3
{[%clk 1:22:32]} Be7 {[%clk 1:25:28]} 8. Bd3 {[%clk 1:17:42]} d6 {[%clk 1:25:26]}
9. O-O {[%clk 1:17:08]} O-O {[%clk 1:25:46]} 10. e4 {[%clk 1:06:36]} Nd7
{[%clk 1:21:57]} 11. Be3 {[%clk 1:03:19]} Rc8 {[%clk 1:16:48]} 12. Nd2
{[%clk 0:58:15]} f5 {[%clk 1:08:51]} 13. f4 {[%clk 0:48:28]} Qe8 {[%clk 1:08:01]}
14. Qe2 {[%clk 0:45:40]} Qg6 {[%clk 1:05:11]} 15. d5 {[%clk 0:41:20]} Nf6
{[%clk 1:02:31]} 16. exf5 {[%clk 0:32:09]} exf5 {[%clk 1:02:39]} 17. Bd4
{[%clk 0:32:05]} Rf7 {[%clk 0:54:54]} 18. Rae1 {[%clk 0:29:01]} Re8
{[%clk 0:53:30]} 19. Qe6 {[%clk 0:26:34]} Bc8 {[%clk 0:53:20]} 20. Qe2
{[%clk 0:25:29]} Rff8 {[%clk 0:53:33]} 21. Qf3 {[%clk 0:17:57]} Bd8
{[%clk 0:49:39]} 22. Qd1 {[%clk 0:11:18]} Ne4 {[%clk 0:39:15]} 23. Rf3
{[%clk 0:06:57]} Bh4 {[%clk 0:36:19]} 24. Re2 {[%clk 0:05:32]} Nc5
{[%clk 0:29:38]} 25. Qc2 {[%clk 0:02:09]} Bd7 {[%clk 0:20:36]} 26. Rh3
{[%clk 0:01:06]} Bf6 {[%clk 0:12:02]} 27. Rg3 {[%clk 0:01:05]} Qf7
{[%clk 0:11:09]} 28. Nf3 {[%clk 0:01:00]} Ba4 {[%clk 0:08:00]} 29. Qb1
{[%clk 0:01:19]} Rxe2 {[%clk 0:07:27]} 30. Bxe2 {[%clk 0:01:45]} Ne4
{[%clk 0:07:05]} 31. Rh3 {[%clk 0:00:44]} Nxc3 {[%clk 0:04:33]} 32. Bxc3
{[%clk 0:00:44]} Bxc3 {[%clk 0:04:58]} 33. Ng5 {[%clk 0:01:01]} Qf6
{[%clk 0:05:20]} 34. Qd3 {[%clk 0:00:52]} Bd4+ {[%clk 0:02:00]} 35. Kh1
{[%clk 0:00:40]} Bc5 {[%clk 0:02:13]} 36. Ne6 {[%clk 0:00:44]} Qa1+
{[%clk 0:01:54]} 37. Bf1 {[%clk 0:01:12]} Re8 {[%clk 0:02:08]} 38. Rg3
{[%clk 0:01:20]} g6 {[%clk 0:02:13]} 39. h4 {[%clk 0:01:31]} Bd7 {[%clk 0:00:57]}
40. Kh2 {[%clk 0:30:48]} Qf6 {[%clk 0:30:37]} 41. Ng5 {[%clk 0:26:35]} Re1
{[%clk 0:24:11]} 42. Nf3 {[%clk 0:20:31]} Re3 {[%clk 0:23:32]} 43. Qc2
{[%clk 0:18:58]} Rxa3 {[%clk 0:20:50]} 44. Ng5 {[%clk 0:14:18]} Rxg3
{[%clk 0:18:21]} 45. Kxg3 {[%clk 0:14:41]} Qd4 {[%clk 0:18:34]} 46. Nf3
{[%clk 0:12:57]} Qf6 {[%clk 0:16:05]} 47. Bd3 {[%clk 0:11:04]} a5
{[%clk 0:16:03]} 48. Qe2 {[%clk 0:10:07]} h6 {[%clk 0:14:18]} 49. Kh2
{[%clk 0:04:48]} a4 {[%clk 0:14:06]} 50. Bb1 {[%clk 0:04:49]} a3 {[%clk 0:14:12]}
51. h5 {[%clk 0:04:10]} g5 {[%clk 0:09:58]} 52. g3 {[%clk 0:03:31]} Kf8
{[%clk 0:06:36]} 53. fxg5 {[%clk 0:01:54]} hxg5 {[%clk 0:06:59]} 54. Qd2
{[%clk 0:02:01]} f4 {[%clk 0:06:16]} 55. gxf4 {[%clk 0:01:42]} gxf4
{[%clk 0:05:35]} 56. Qg2 {[%clk 0:01:33]} Ba4 {[%clk 0:04:47]} 57. Ng5
{[%clk 0:01:38]} Qe5 {[%clk 0:03:22]} 58. Ne6+ {[%clk 0:01:06]} Ke7
{[%clk 0:01:57]} 59. Qg6 {[%clk 0:01:04]} Qe2+ {[%clk 0:00:49]} 60. Kh3
{[%clk 0:01:19]} Qf3+ {[%clk 0:00:45]} 61. Kh2 {[%clk 0:01:39]} Qg3+
{[%clk 0:01:13]} 62. Qxg3 {[%clk 0:02:02]} fxg3+ 63. Kxg3 {[%clk 0:02:30]} Bb3
{[%clk 0:01:16]} 64. h6 {[%clk 0:01:54]} Bb4 {[%clk 0:01:39]} 65. Nd4
{[%clk 0:02:04]} Be1+ {[%clk 0:01:27]} 66. Kg4 {[%clk 0:02:09]} Bd1+
{[%clk 0:01:51]} 67. Kf5 {[%clk 0:02:25]} Kf7 {[%clk 0:01:14]} 68. Nb5
{[%clk 0:01:55]} Bc2+ {[%clk 0:01:22]} 69. Kg4 {[%clk 0:01:35]} Bxb1
{[%clk 0:01:45]} 70. Nxa3 {[%clk 0:02:02]} Bd3 {[%clk 0:01:22]} 71. Kh5
{[%clk 0:01:33]} Bb4 {[%clk 0:00:47]} 72. Nb5 {[%clk 0:01:50]} Bxc4
{[%clk 0:00:36]} 73. Nxc7 {[%clk 0:02:16]} Bc3 {[%clk 0:00:51]} 74. Ne6
{[%clk 0:00:52]} Bxd5 {[%clk 0:01:08]} 75. Ng5+ {[%clk 0:01:21]} Ke7
{[%clk 0:01:27]} 76. Kg6 {[%clk 0:01:38]} b5 {[%clk 0:01:41]} 0-1